| 000 | 00679nam a22001937a 4500 | ||
|---|---|---|---|
| 999 |
_c15662 _d15662 |
||
| 003 | AR-CdUCM | ||
| 008 | 190429b ||||| |||| 00| 0 spa d | ||
| 040 |
_aMUNICIPALIDAD PROVINCIAL DEL CUSCO _cBIBLIOTECA MUNICIPAL DEL CUSCO |
||
| 082 |
_a891.741 / _bG66 / 1943 |
||
| 100 |
_aGorki, Máximo _99896 |
||
| 245 |
_aPáginas autobiográficas : _bdías de infancia, entre gentes extrañas, mis universidades / |
||
| 260 |
_aMéxico : _c1943. |
||
| 300 |
_a871 paginas ; _c24 cm. |
||
| 505 | _aContenido :Días de infancia --Entre gentes extrañas --Mis universidades ... | ||
| 650 |
_aLiteratura _983 |
||
| 650 |
_aNovela _95 |
||
| 942 |
_2ddc _cLIBROS |
||
| 945 |
_arjall _d2019-04-29 |
||